000 00478nam a2200181Ia 4500
001 9404
005 20260306161716.0
008 260306t2008||||xx |||||||||||||| ||spa||
041 _aESP
082 _a378.4985
_bA66
100 _aAranzamendi Ninacondor, Lino
_eAUT
245 0 _aCrisis universitaria:
_bInsurgir contra la mediocridad para hacer ciencia
260 _c2008
300 _a195 páginas :
_c23 cm.
650 _aGEN
654 _aCED
942 _cLIB
_dJUS
_fJUS
_2ddc
_n
999 _c9404
_d9404